Tunnista leipä - Statistics

Yleistilastot
  • Tätä visaa on pelattu 104 kertaa
  • Keskiarvotulos 3 / 7
Vastaustilastot
Kuvavisa Vastaus % Oikein
Juusto sämpylä
91%
Reissumies
83%
Ruispala
71%
Kaura puikula
32%
Kaura rieska
17%
Hönö
11%
Ruis varras
9%
Ehtoja vastaavia visoja ei löytynyt
Tulosjakauma
Jokaisen tuloksen saaneiden osuus
Persentiili vastausten määrän mukaan
Tuloshistoriasi
Et ole pelannut tätä visaa